| 000 | 01665nam0a2200421 4500 | ||
|---|---|---|---|
| 001 | RU\NLR\bibl\1364898 | ||
| 005 | 20250615184839.0 | ||
| 010 |
_a978-5-89895-361-4 _9300 |
||
| 021 |
_aRU _b2009-18403 _91093 |
||
| 035 | _a(nilc)EL/0000251110 | ||
| 035 | _a1VIL\RUSMED\0000135156 | ||
| 035 | _a(NLR Aleph) 001357055 | ||
| 090 |
_a957402 _c957402 |
||
| 100 | _a20090218d2008 |||y0rusy50 ca | ||
| 101 | 0 | _arus | |
| 102 | _aRU | ||
| 105 | _aa z ||||| | ||
| 200 | 1 |
_aГиперестезия зубов в вопросах и ответах _fГ. И. Ронь _gМ-во здравоохранения и соц. развития РФ, ГОУ ВПО Урал. гос. мед. акад. Минздравсоцразвития России |
|
| 210 |
_aЕкатеринбург _cИзд-во УГМА _d2008 |
||
| 215 |
_a79 с. _cил. _d20 |
||
| 300 | _aНа 4-й с. обл. авт.: Ронь Г.И. - д.м.н., проф., акад. АЕН РФ, засл. работник Высш. шк. РФ | ||
| 320 | _aБиблиогр.: с. 72-79 (85 назв.) | ||
| 606 | 1 |
_aДентин _xГиперестезия _92542802 _3RU\NLR\auth\661505245 |
|
| 686 |
_a76.29.55 _2rugasnti |
||
| 686 |
_a76.01.33 _2rugasnti |
||
| 686 |
_aC10.597.751.791.450 _2MeSH |
||
| 686 |
_aC23.888.592.763.770.450 _2MeSH |
||
| 686 |
_aC07.793 _2MeSH |
||
| 686 |
_aV02.575 _2MeSH |
||
| 686 | _aР661.210.21 | ||
| 700 | 1 |
_aРонь _bГ. И. _gГалина Ивановна _4070 |
|
| 801 | 0 |
_aRU _bЦНМБ _c20090218 _gPSBO |
|
| 801 | 1 |
_aRU _bЦНМБ _c20090218 |
|
| 801 | 2 |
_aRU _bNLR _c20090505 _grcr |
|
| 830 | _aавт. по кн. | ||
| 942 | _cBOOK | ||
| 980 | _aNB | ||